Miscelánea Almera
Descripción Física:
2 v. ; 22 cm
Colección:
Publicaciones del Instituto Geológico ; 7
MARC
| LEADER | 00000nam a2200000Ia 4500 | ||
|---|---|---|---|
| 001 | 8659, 11042 | ||
| 003 | BGR | ||
| 005 | 20260324175340.0 | ||
| 008 | 160829s1948 xx 000 0 cat d | ||
| 080 | |a C-1-498, C-1-499 | ||
| 245 | |a Miscelánea Almera | ||
| 260 | |a Barcelona : |b Diputación Provincial de Barcelona, Instituto Geológico, |c 1948 | ||
| 300 | |a 2 v. ; |c 22 cm | ||
| 490 | |a Publicaciones del Instituto Geológico ; 7 | ||
| 590 | |a Conté: v. 1: VII, 1a parte; v. 2: VII, 2a parte | ||
| 650 | |a Geologia |x Miscel·lànies |9 28316 | ||
| 650 | |a Almera i Comas, Jaume |9 28317 | ||
| 710 | 1 | |a Instituto Geológico y Minero de España |9 71188 | |
| 901 | |a Arxiu | ||
| 942 | |n 1 |2 udc |c MON | ||
| 952 | |0 0 |1 0 |4 0 |6 C1498_C1499 |7 1 |9 44778 |a Arxiu |b Arxiu |d 2016-12-01 |l 0 |o C-1-498, C-1-499 |p 8659, 11042 |r 2016-12-01 00:00:00 |w 2016-12-01 |y ARXIU | ||
| 999 | |c 47361 |d 47361 | ||